| 000 | 01777cam a22004454i 4500 | ||
|---|---|---|---|
| 003 | PE-LiUPU | ||
| 005 | 20250731172804.0 | ||
| 008 | 150617s r 000 0 d | ||
| 020 | _a031146095X | ||
| 035 | _a(Sirsi) i9780311460953 | ||
| 040 |
_aPE-LiUPU _bspa _cPE-LiUPU _erda |
||
| 049 | _aPRUA | ||
| 082 | 0 | 4 |
_a248.42 _bT27 _221 |
| 100 | 1 |
_aTaylor, Jack R., _eautor. |
|
| 245 | 1 | 3 |
_aLa llave para una vida de triunfo / _cJack R. Taylor. |
| 264 | 1 |
_aBuenos Aires : _bEditorial Mundo Hispano, _c1982. |
|
| 300 |
_a235 páginas ; _c18 centímetros. |
||
| 336 |
_atext _2rdacontent |
||
| 337 |
_aunmediated _2rdamedia |
||
| 338 |
_avolume _2rdacarrier |
||
| 505 | 0 | _aCristo reside en la vida humana: Situación límite. Un ejemplo siempre bien presente. El enemigo que bloquea nuestro camino. El cristiano es. Cristo en ti y tú en El. Así funcionamos como humanos. La doble vertiente de la vida -- El reinado de Cristo sobre la vida humana: Jesús es el Señor. Principios sobre la plenitud. El poder del Espíritu. ¿Existe una segunda bendición? -- La presencia de Cristo a través de la vida humana: Doce estremecedores testimonios de hoy. Tras su senda. Palabras de advertencia para periodos de bendición. | |
| 526 | _aSEG42 | ||
| 526 | _aSEG41 | ||
| 526 | _aSEG40 | ||
| 526 | _aSEG39 | ||
| 526 | _aP94 | ||
| 526 | _aP87 | ||
| 526 | _aP86 | ||
| 526 | _aP85 | ||
| 526 | _aP77 | ||
| 526 | _aP76 | ||
| 526 | _aP35 | ||
| 610 | 2 | 4 |
_aIglesia Bautista _94155 |
| 650 | 1 | 4 |
_aVida Cristiana _91181 |
| 910 | _ajck | ||
| 942 |
_2ddc _cBK |
||
| 949 |
_a248.42 T27 _wDEWEY _c1 _i21394 _lCCODEBUL1 _mBUL _r0 _sY _tBOOK _u2015-6-17 _xTEOLOGIA _0COMPRA _o.STAFF. Colección General |
||
| 999 |
_c3538 _d3538 |
||
| 980 |
_81 _gALBERTO SANCHEZ Responsable de Automatización |
||